ភូមិតិរច្ឆាន / (Record no. 3544)
[ view plain ]
| 000 -LEADER | |
|---|---|
| fixed length control field | 02906nam a22002657a 4500 |
| 001 - CONTROL NUMBER | |
| control field | 3544 |
| 003 - CONTROL NUMBER IDENTIFIER | |
| control field | FISKH |
| 005 - DATE AND TIME OF LATEST TRANSACTION | |
| control field | 20250530093739.0 |
| 008 - FIXED-LENGTH DATA ELEMENTS--GENERAL INFORMATION | |
| fixed length control field | 240318b cb ||||| |||| 00| 0 eng d |
| 040 ## - CATALOGING SOURCE | |
| Original cataloging agency | FISKH |
| Language of cataloging | khr |
| Transcribing agency | FISKH |
| Modifying agency | FISKH |
| 050 ## - LIBRARY OF CONGRESS CALL NUMBER | |
| Classification number | PZ7 |
| 082 ## - DEWEY DECIMAL CLASSIFICATION NUMBER | |
| Classification number | 895.9321032 |
| 100 ## - MAIN ENTRY--PERSONAL NAME | |
| Personal name | Keam, Doek |
| 245 ## - TITLE STATEMENT | |
| Title | ភូមិតិរច្ឆាន / |
| 260 ## - PUBLICATION, DISTRIBUTION, ETC. | |
| Place of publication, distribution, etc. | ភ្នំពេញ : |
| Name of publisher, distributor, etc. | គ្រឹះស្ថានបោះពុម្ព និងចែកផ្សាយ |
| Date of publication, distribution, etc. | 2003. |
| 300 ## - PHYSICAL DESCRIPTION | |
| Extent | 92 pages : |
| Dimensions | 22 cm |
| 500 ## - GENERAL NOTE | |
| General note | អក្សរសិល្ប៍ខ្មែរ |
| 520 ## - SUMMARY, ETC. | |
| Summary, etc. | សង្រ្គាមលោកលើកទីមួយបានផ្ទុះឡើងក្នុងឆ្នាំ ១៩១៤ ដល់១៩១៩ ដែលប្រទេសកម្ពុជាស្ថិតនៅក្រោមនឹមអាណានិគមបារាំង ប្រជារាស្ត្រខ្មែររងទុក្ខវេទនាត្រូវពួកអាណានិគមកេណ្ឌឲ្យទៅច្បាំងប្រឆាំងនឹងពួកផាស៊ីសអាឡឺម៉ង់។ ទន្ទឹមនឹងនោះការឡើងថ្លៃពន្ធដារក៏កាន់តែកើនឡើងជារៀងរាល់ខែ ធ្វើឲ្យប្រជារាស្រ្តមានការក្តៅក្រហាយយ៉ាងខ្លាំង។ ប្រជារាស្រ្តនៅស្រុកមុខកំពូលចំនួន៣០០០នាក់បានធ្វើបាតុកម្ម ធ្វើញត្តិសុំឲ្យស្តេចស៊ីសុវត្ថិជួយបន្ធូរបន្ថយអំពីបញ្ហាពន្ធដារនេះ។ សូម្បីតែធម្មជាតិក៏មានការក្តៅក្រហាយពុះកញ្រ្ជោលខ្លាំងដែរ ដូចជាមានរន្ទះបាញ់ចេតិយព្រះកែវមរកត និងផ្កាយដុះកន្ទុយជាដើម ។ |
| 520 ## - SUMMARY, ETC. | |
| Summary, etc. | World War I broke out between 1914 and 1919, when Cambodia was under the yoke of French colonization, and the Khmer people suffered and were mobilized by the colonists to fight against the German fascists. At the same time, the tax increase is increasing every month, making people very angry. 3,000 people in Muk Kampul district demonstrated to petition King Sisowath to ease the tax issue. Even nature is very hot, such as lightning, stupas, emeralds and comets.<br/> |
| 650 ## - SUBJECT ADDED ENTRY--TOPICAL TERM | |
| Topical term or geographic name entry element | ទុក្ខវេទនា |
| Chronological subdivision | សម័យអាណានិគមនិយមបារាំង |
| 650 ## - SUBJECT ADDED ENTRY--TOPICAL TERM | |
| Topical term or geographic name entry element | Suffering |
| Chronological subdivision | French colonial period |
| 700 ## - ADDED ENTRY--PERSONAL NAME | |
| Personal name | ឌៀក អំ |
| 942 ## - ADDED ENTRY ELEMENTS (KOHA) | |
| Source of classification or shelving scheme | Dewey Decimal Classification |
| Koha item type | Khmer Books |
| Suppress in OPAC | No |
| Withdrawn status | Lost status | Source of classification or shelving scheme | Damaged status | Not for loan | Collection | Home library | Current library | Shelving location | Date acquired | Total Checkouts | Full call number | Barcode | Date last seen | Copy number | Price effective from | Koha item type | Date last checked out |
|---|---|---|---|---|---|---|---|---|---|---|---|---|---|---|---|---|---|
| Dewey Decimal Classification | Khmer Language Books / សៀវភៅភាសាខ្មែរ | Footprints International School Library Network Toul Kork Campus | Footprints International School Library Network Toul Kork Campus | TK Old Khmer Books (Rear Hallway Shelf 3) | 03/18/2024 | KEA 895.9321032 PZ7 | FISTK03553 | 03/18/2024 | 1 | 03/18/2024 | Khmer Books | ||||||
| Dewey Decimal Classification | Khmer Language Books / សៀវភៅភាសាខ្មែរ | Footprints International School Library Network Toul Kork Campus | Footprints International School Library Network Toul Kork Campus | TK Old Khmer Books (Rear Hallway Shelf 3) | 03/26/2024 | 1 | KEA 895.9321032 PZ7 | FISTK03552 | 06/03/2025 | 2 | 03/26/2024 | Khmer Books | 10/07/2024 | ||||
| Dewey Decimal Classification | Khmer Language Books / សៀវភៅភាសាខ្មែរ | Footprints International School Library Network Toul Tom Poung Campus | Footprints International School Library Network Toul Tom Poung Campus | TTP Secondary Khmer Bookshelves | 03/26/2024 | KEA 895.9321032 PZ7 | FIS03815 | 03/07/2025 | 3 | 03/26/2024 | Khmer Books | ||||||
| Dewey Decimal Classification | Khmer Language Books / សៀវភៅភាសាខ្មែរ | Footprints International School Library Network Toul Tom Poung Campus | Footprints International School Library Network Toul Tom Poung Campus | TTP Secondary Khmer Bookshelves | 03/29/2025 | KEA 895.9321032 PZ7 | FIS03834 | 03/29/2025 | 4 | 03/29/2025 | Khmer Books | ||||||
| Dewey Decimal Classification | Khmer Language Books / សៀវភៅភាសាខ្មែរ | Footprints International School Library Network Toul Tom Poung Campus | Footprints International School Library Network Toul Tom Poung Campus | TTP Primary Khmer Bookshelves | 04/09/2025 | KEA 895.9321032 PZ7 | 2025-1010 | 04/09/2025 | 5 | 04/09/2025 | Khmer Books | ||||||
| Dewey Decimal Classification | Khmer Language Books / សៀវភៅភាសាខ្មែរ | Footprints International School Library Network Toul Tom Poung Campus | Footprints International School Library Network Toul Tom Poung Campus | TTP Primary Khmer Bookshelves | 04/09/2025 | KEA 895.9321032 PZ7 | FISSE01730 | 04/21/2025 | 6 | 04/09/2025 | Khmer Books |
